000 00961nam a2200205Ia 4500
999 _c51076
_d51076
001 18033
003 GE_BSU
005 20241101101250.0
008 181216s1978||||ge |||||||||||||| ||geo||
020 _a0134-9899
040 _cGE_BSU
041 _ageo
080 _a811.353(058) ი-31
245 _aიბერიულ-კავკასიური ენათმეცნიერების წელიწდეული = Ежегодник Иберийско-Кавказского Языкознания = ANNUAL Of Ibero-Caucasian Linguistics :
_bV. /
_cსარედ. კოლ. ვ. აბაევი., შ. არისთავა., და სხვ. რედ. ა. ჩიქობავა.
264 _aთბილისი :
_bმეცნიერება,
_c1978.
300 _a394 გვ.;
_b26 სმ.
653 _aკავკასიური ენები
653 _aწელიწდეული
942 _cBK
_2udc